Championne de France de Tennis de Table - Statistiques

Statistiques générales
  • Ce quiz a été pris 46 fois
  • Le résultat moyen est 17 sur 95
Statistiques - réponses
Année Championne % Correct
2024 Camille Lutz
95%
2022 Prithika Pavade
95%
2021 Jia Nan Yuan
80%
2019 Jia Nan Yuan
80%
2018 Jia Nan Yuan
80%
2017 Jia Nan Yuan
80%
2015 Jia Nan Yuan
80%
2012 Jia Nan Yuan
80%
2025 Pauline Chasselin
80%
2023 Audrey Zarif
49%
2020 Carole Grundisch
32%
2011 Carole Grundisch
32%
2007 Carole Grundisch
32%
2006 Carole Grundisch
32%
2005 Carole Grundisch
32%
1997 Sylvie Plaisant
17%
1995 Sylvie Plaisant
17%
2003 Anne Boileau
15%
2002 Anne Boileau
15%
2001 Anne Boileau
15%
2000 Anne Boileau
15%
1999 Anne Boileau
15%
1998 Anne Boileau
15%
1983 Claude Bergeret
15%
1977 Claude Bergeret
15%
1975 Claude Bergeret
15%
1974 Claude Bergeret
15%
1973 Claude Bergeret
15%
1972 Claude Bergeret
15%
2014 Li Xue
15%
2013 Li Xue
15%
2010 Li Xue
15%
2009 Li Xue
15%
2016 Xiao Xin Yang
15%
1996 Emmanuelle Coubat
12%
1993 Emmanuelle Coubat
12%
1992 Emmanuelle Coubat
12%
1988 Emmanuelle Coubat
12%
2004 Anne-Claire Palut
10%
1965 Christiane Watel
10%
1963 Christiane Watel
10%
1956 Christiane Watel
10%
1955 Christiane Watel
10%
1954 Christiane Watel
10%
1953 Christiane Watel
10%
1952 Christiane Watel
10%
1951 Christiane Watel
10%
1950 Huguette Béolet
10%
1949 Jeanne Delay
10%
1948 Jeanne Delay
10%
1938 Jeanne Delay
10%
1937 Jeanne Delay
10%
1962 Monique Alber
10%
1961 Monique Alber
10%
1960 Monique Alber
10%
1987 Nadine Daviaud
10%
1982 Nadine Daviaud
10%
1980 Nadine Daviaud
10%
1979 Nadine Daviaud
10%
1933 Yvonne Fayard
10%
1932 Yvonne Fayard
10%
1930 Yvonne Fayard
10%
1986 Brigitte Thiriet
7%
1978 Brigitte Thiriet
7%
1976 Brigitte Thiriet
7%
1971 Martine Le Bras
7%
1968 Martine Le Bras
7%
1967 Martine Le Bras
7%
1966 Martine Le Bras
7%
1964 Martine Le Bras
7%
1985 Patricia Germain
7%
1981 Patricia Germain
7%
1994 Wang Xiaoming
7%
1991 Wang Xiaoming
7%
1990 Wang Xiaoming
7%
1989 Wang Xiaoming
7%
2008 Xian Yifang
7%
1947 Yolande Logelin
7%
1945 Yolande Logelin
7%
1944 Yolande Logelin
7%
1943 Yolande Logelin
7%
1946 Angèle Joing
5%
1984 Béatrice Abgrall
5%
1935 Carmen Delarue
5%
1934 Carmen Delarue
5%
1959 Claude Rougagnou
5%
1957 Claude Rougagnou
5%
1939 Ginette Soulage
5%
1936 Hélène Dalichoux
5%
1928 Jacqueline Galay
5%
1931 Maggie Beyt
5%
1929 Maggie Beyt
5%
1969 Michèle Boiteux
5%
1958 Simone Tarlet
5%
1970 Yveline Lecler
5%
Aucun quiz correspondant
Distribution des résultats
% des personnes avec chaque résultat
Percentile par nombre de réponses
Votre historique - résultats
Vous n’avez pas pris ce quiz